00259nam a2200097Ia 4500008004100000041000800041082000800049100003000057245005200087260002200139221102s9999 xx 000 0 und d aeng bRao aRao Mortha Prabhakara aAnyday English For Effective Communication bEnglish Edition